| 000 | 00752nam a22002295a 4500 | ||
|---|---|---|---|
| 001 | 15497 | ||
| 003 | OSt | ||
| 005 | 20230703162540.0 | ||
| 008 | 851121|1985 ||| 000 0 eng | ||
| 010 | _a 85980815 | ||
| 020 | _cSHl20.00. | ||
| 040 |
_aDLC _cDLC _dDLC |
||
| 050 | 0 | 0 | _aIN PROCESS |
| 082 |
_a338.97 _bWER |
||
| 245 | 1 | 0 |
_aWomen and development in Africa / _cedited by Gigeon S. Were. |
| 260 |
_aNairobi, Kenya : _bGideon S. Were Press, _c1985. |
||
| 300 | _aii, 315 p. : ill., ports. ; 26 cm. | ||
| 440 | 0 | _aJournal of Eastern African research and development, ISSN 0251-0405 ; vol. 15 (1985) | |
| 906 |
_a7 _bibc _corignew _d3 _encip _f19 _gy-gencatlg |
||
| 942 |
_2ddc _cBK |
||
| 999 |
_c3508 _d3508 |
||